[Event "SRB-chT (Women)"]
[Site "Subotica"]
[Date "2019.08.31"]
[Round "10.5"]
[White "Blagojevic, Tijana"]
[Black "Kezele, Tamara"]
[Result "1-0"]
[WhiteElo "2155"]
[BlackElo "1982"]
[PlyCount "79"]
[EventDate "2019.08.22"]
[EventType "team-tourn"]
[EventRounds "11"]
[EventCountry "SRB"]
[SourceTitle "EXT 2020"]
[Source "ChessBase"]
[SourceDate "2019.10.17"]
[SourceVersion "1"]
[SourceVersionDate "2019.10.17"]
[SourceQuality "1"]
[WhiteTeam "Goracici Jelica (W)"]
[BlackTeam "Belgrade Radnicki (W)"]
[WhiteTeamCountry "SRB"]
[BlackTeamCountry "SRB"]

1. e4 e6 2. Nf3 d5 3. Nc3 c5 4. exd5 exd5 5. d4 c4 6. g3 Nf6 7. Bg2 Bb4 8. Bd2 0-0 9. 0-0 Bg4 10. h3 Bxf3 11. Bxf3 Qd7 12. Kh2 Nc6 13. Ne2 Bxd2 14. Qxd2 Qf5 15. Bg2 Rfe8 16. g4 Qd7 17. Ng3 Qd6 18. Bh1 g6 19. Rae1 Rad8 20. c3 Kg7 21. Qg5 Kh8 22. Re3 Re6 23. Rfe1 Rde8 24. Rxe6 Rxe6 25. Rxe6 Qxe6 26. Qe3 Kg7 27. Ne2 Ne7 28. Kg1 b5 29. Kf1 a5 30. Qf4 h6 31. Qc7 Ne4 32. Qxa5 Qf6 33. Bxe4 dxe4 34. Qxb5 Kh7 35. Qe5 Qh4 36. Kg2 f5 37. Ng3 Qg5 38. d5 Qh4 39. gxf5 gxf5 40. d6 1-0

[Event "SRB-chT (Women)"]
[Site "Subotica"]
[Date "2019.08.28"]
[Round "7.1"]
[White "Srdanovic, Jovana"]
[Black "Kezele, Tamara"]
[Result "1-0"]
[WhiteElo "2005"]
[BlackElo "1982"]
[PlyCount "105"]
[EventDate "2019.08.22"]
[EventType "team-tourn"]
[EventRounds "11"]
[EventCountry "SRB"]
[SourceTitle "EXT 2020"]
[Source "ChessBase"]
[SourceDate "2019.10.17"]
[SourceVersion "1"]
[SourceVersionDate "2019.10.17"]
[SourceQuality "1"]
[WhiteTeam "Kac Jugovic (W)"]
[BlackTeam "Belgrade Radnicki (W)"]
[WhiteTeamCountry "SRB"]
[BlackTeamCountry "SRB"]

1. d4 d5 2. c4 c6 3. Nc3 Nf6 4. Nf3 g6 5. Bf4 Bg7 6. e3 Qa5 7. Qd2 0-0 8. Be2 Bg4 9. h3 Bxf3 10. gxf3 dxc4 11. Bxc4 Nh5 12. Bh2 Qf5 13. 0-0-0 b5 14. Bd3 Qe6 15. Kb1 a5 16. Ne4 Nd7 17. Rc1 Rfc8 18. h4 f5 19. Nc5 Nxc5 20. Rxc5 Kh8 21. Be5 Bxe5 22. Rxe5 Qf6 23. f4 Rd8 24. Qc2 a4 25. Qc5 Qd6 26. Rc1 a3 27. Rxe7 axb2 28. Kxb2 Qxc5 29. Rxc5 Nxf4 30. Bb1 Rd6 31. Rc7 Ra6 32. exf4 Rxd4 33. Re5 Ra8 34. Ree7 Rb4+ 35. Kc1 Rxf4 36. Rxh7+ Kg8 37. Rcg7+ Kf8 38. Rxg6 Rc4+ 39. Kd2 Rd8+ 40. Bd3 Ra4 41. Rh8+ Kf7 42. Rxd8 Rxa2+ 43. Bc2 Kxg6 44. Rd6+ Kh5 45. Rxc6 Kxh4 46. Rc5 Kg4 47. Rxb5 f4 48. Rb3 Ra7 49. Bd1+ Kh4 50. Rb5 Rd7+ 51. Kc2 Kh3 52. Bf3 Kh2 53. Rb1 1-0

[Event "SRB-chT (Women)"]
[Site "Subotica"]
[Date "2019.08.26"]
[Round "5.2"]
[White "Stanimirovic, Marija"]
[Black "Kezele, Tamara"]
[Result "1/2-1/2"]
[WhiteElo "1896"]
[BlackElo "1982"]
[PlyCount "85"]
[EventDate "2019.08.22"]
[EventType "team-tourn"]
[EventRounds "11"]
[EventCountry "SRB"]
[SourceTitle "EXT 2020"]
[Source "ChessBase"]
[SourceDate "2019.10.17"]
[SourceVersion "1"]
[SourceVersionDate "2019.10.17"]
[SourceQuality "1"]
[WhiteTeam "Novi Sad Sah Kruzok (W)"]
[BlackTeam "Belgrade Radnicki (W)"]
[WhiteTeamCountry "SRB"]
[BlackTeamCountry "SRB"]

1. c4 c5 2. Nc3 Nc6 3. Nf3 g6 4. d4 cxd4 5. Nxd4 Bg7 6. Nxc6 bxc6 7. e4 d6 8. Be2 Nf6 9. 0-0 0-0 10. h3 Nd7 11. Be3 c5 12. Qd2 Bb7 13. Bh6 Nf6 14. Bxg7 Kxg7 15. Qc2 Kg8 16. Rad1 Rb8 17. e5 Ne8 18. exd6 Nxd6 19. Nb5 Qb6 20. Nxd6 exd6 21. f4 f5 22. b3 Be4 23. Qc3 Rbd8 24. Bf3 Bxf3 25. Qxf3 Qa5 26. Qd5+ Kg7 27. Rfe1 Rf7 28. Re2 Qc3 29. Re6 Rfd7 30. Rde1 a5 31. Kh2 Qd4 32. Qxd4+ cxd4 33. Rd1 Kf7 34. Re2 d5 35. Rxd4 dxc4 36. Rxc4 Rd4 37. Rec2 h5 38. Rxd4 Rxd4 39. Kg3 a4 40. bxa4 Rxa4 41. h4 Ke6 42. Rd2 Kf6 43. Kf3 1/2-1/2

[Event "SRB-chT (Women)"]
[Site "Novi Sad"]
[Date "2017.09.07"]
[Round "7.3"]
[White "Kezele, Tamara"]
[Black "Laketic, Milica"]
[Result "1/2-1/2"]
[WhiteElo "1980"]
[BlackElo "2069"]
[PlyCount "36"]
[EventDate "2017.09.01"]
[EventType "team-tourn"]
[EventRounds "11"]
[EventCountry "SRB"]
[SourceTitle "CBM 180 Extra"]
[Source "ChessBase"]
[SourceDate "2017.10.06"]
[SourceVersion "1"]
[SourceVersionDate "2017.10.06"]
[SourceQuality "1"]
[WhiteTeam "Rudovci Radnicki (W)"]
[BlackTeam "Sombor (W)"]
[WhiteTeamCountry "SRB"]
[BlackTeamCountry "SRB"]

1. e4 Nf6 2. e5 Nd5 3. d4 d6 4. c4 Nb6 5. exd6 exd6 6. h3 Nc6 7. Nf3 Bf5 8. Bd3 Bxd3 9. Qxd3 Be7 10. 0-0 0-0 11. Nc3 Bf6 12. Ne4 d5 13. Nxf6+ Qxf6 14. c5 Nd7 15. Bg5 Qg6 16. Qxg6 fxg6 17. Rfe1 Rae8 18. Kf1 b6 1/2-1/2

[Event "Belgrade-chT Quality"]
[Site "Belgrade"]
[Date "2016.10.08"]
[Round "3.3"]
[White "Kezele, Tamara"]
[Black "Vujadinovic, Milan"]
[Result "1/2-1/2"]
[WhiteElo "1985"]
[BlackElo "2128"]
[PlyCount "47"]
[EventDate "2016.10.01"]
[EventType "team-tourn"]
[EventRounds "11"]
[EventCountry "SRB"]
[SourceTitle "EXT 2018"]
[Source "ChessBase"]
[SourceDate "2017.10.13"]
[SourceVersion "1"]
[SourceVersionDate "2017.10.13"]
[SourceQuality "1"]

1. e4 c5 2. Nf3 Nc6 3. c3 Nf6 4. e5 Nd5 5. Bc4 Nb6 6. Be2 d6 7. d4 dxe5 8. Nxe5 Nxe5 9. dxe5 Qxd1+ 10. Bxd1 Bf5 11. 0-0 e6 12. Bf3 0-0-0 13. Bg5 Rd7 14. Na3 h6 15. Be3 Nd5 16. Rad1 Be7 17. c4 Nxe3 18. Rxd7 Kxd7 19. fxe3 Kc8 20. Rd1 Rd8 21. Rxd8+ Bxd8 22. Nb5 Bc7 23. Nxc7 Kxc7 24. e4 1/2-1/2

[Event "SRB-chT (Women)"]
[Site "Kragujevac"]
[Date "2016.09.27"]
[Round "6.2"]
[White "Kezele, Tamara"]
[Black "Vujcic, Milena"]
[Result "1/2-1/2"]
[WhiteElo "1985"]
[BlackElo "1866"]
[PlyCount "105"]
[EventDate "2016.09.22"]
[EventType "team-tourn"]
[EventRounds "11"]
[EventCountry "SRB"]
[SourceTitle "CBM 174 Extra"]
[Source "ChessBase"]
[SourceDate "2016.10.10"]
[SourceVersion "1"]
[SourceVersionDate "2016.10.10"]
[SourceQuality "1"]
[WhiteTeam "Rudovci Radnicki (W)"]
[BlackTeam "Belgrade Radnicki (W)"]
[WhiteTeamCountry "SRB"]
[BlackTeamCountry "SRB"]

1. e4 e5 2. Nf3 Nc6 3. Bb5 a6 4. Bxc6 dxc6 5. h3 Bd6 6. 0-0 f6 7. d4 exd4 8. Qxd4 Ne7 9. Rd1 c5 10. Qd3 Be6 11. Nc3 Ng6 12. Be3 0-0 13. Qf1 Qe7 14. Nd5 Qf7 15. c4 Rfd8 16. Rac1 Rd7 17. b3 Rad8 18. Qe2 Bf8 19. Nc3 b6 20. Rxd7 Rxd7 21. Rd1 Bd6 22. Nd5 h6 23. a4 a5 24. Ne1 f5 25. exf5 Qxf5 26. Qd3 Qf7 27. Qe2 Be5 28. Qf3 Qxf3 29. Nxf3 c6 30. Nxe5 Nxe5 31. Nc3 Rxd1+ 32. Nxd1 Bf5 33. Bf4 Nd7 34. Ne3 Bb1 35. Nf1 Kf7 36. Nd2 Bd3 37. f3 b5 38. cxb5 cxb5 39. Bc7 bxa4 40. bxa4 Bc2 41. Bxa5 Bxa4 42. Bc3 g6 43. Kf2 Ke6 44. Ke3 Nb6 45. Bg7 Nd5+ 46. Kf2 h5 47. Ne4 Kf7 48. Nxc5 Bc2 49. Be5 g5 50. g3 Kg6 51. Bd4 g4 52. hxg4 hxg4 53. fxg4 1/2-1/2

[Event "Belgrade Nedeljkovic Memorial (Women)"]
[Site "Belgrade"]
[Date "2014.05.31"]
[Round "8"]
[White "Stojanovic, Andjelija"]
[Black "Kezele, Tamara"]
[Result "1-0"]
[WhiteElo "2216"]
[BlackElo "1986"]
[PlyCount "105"]
[EventDate "2014.05.30"]
[EventType "tourn"]
[EventRounds "9"]
[EventCountry "SRB"]
[SourceTitle "CBM 160 Extra"]
[Source "ChessBase"]
[SourceDate "2014.07.01"]
[SourceVersion "1"]
[SourceVersionDate "2014.07.01"]
[SourceQuality "1"]

1. d4 Nf6 2. Bg5 e6 3. Nd2 Be7 4. e4 d5 5. e5 Nfd7 6. Bxe7 Qxe7 7. Bd3 c5 8. c3 Nc6 9. Ne2 cxd4 10. cxd4 Qb4 11. Qb3 Qxb3 12. Nxb3 Nb4 13. Bb1 b6 14. a3 Nc6 15. Bd3 0-0 16. Rc1 Bb7 17. 0-0 Rac8 18. f4 f5 19. Nc3 a6 20. Na4 Ne7 21. Kf2 Rxc1 22. Rxc1 Rc8 23. Rg1 Ng6 24. Ke3 Ne7 25. h3 Kf7 26. g4 g6 27. g5 Kg7 28. h4 Rc7 29. Rh1 Rc8 30. h5 Rh8 31. h6+ Kf7 32. Nc3 Rc8 33. Kd2 Nc6 34. Rc1 Ne7 35. Re1 Nc6 36. Bf1 Ke7 37. Bg2 Nd8 38. Ra1 Nc6 39. Bf1 Ncb8 40. a4 Rc7 41. a5 b5 42. Rc1 Kd8 43. Rc2 Ba8 44. Na2 Rxc2+ 45. Kxc2 Nc6 46. Kc3 Kc7 47. Nb4 Nxb4 48. Kxb4 Bc6 49. Be2 Kb7 50. Bf3 Kc7 51. Nc5 Nxc5 52. Kxc5 Bb7 53. Bh5 1-0

[Event "EU-ch (Women) 14th"]
[Site "Belgrade"]
[Date "2013.08.03"]
[Round "11"]
[White "Rakic, Teodora"]
[Black "Kezele, Tamara"]
[Result "0-1"]
[WhiteElo "1862"]
[BlackElo "1994"]
[PlyCount "84"]
[EventDate "2013.07.23"]
[EventType "swiss"]
[EventRounds "11"]
[EventCountry "SRB"]
[SourceTitle "CBM 155 Extra"]
[Source "ChessBase"]
[SourceDate "2013.08.26"]
[SourceVersion "1"]
[SourceVersionDate "2013.08.26"]
[SourceQuality "1"]

1. d4 d5 2. c4 e6 3. Nf3 Nf6 4. g3 c6 5. Bg2 Nbd7 6. 0-0 dxc4 7. a4 Be7 8. Qc2 0-0 9. Qxc4 Nb6 10. Qc2 a5 11. e4 Bd7 12. h3 Rc8 13. Be3 Bb4 14. Ne5 Bd6 15. Bg5 Be7 16. Nd3 h6 17. Be3 Na8 18. Qd2 b6 19. Bxh6 gxh6 20. Qxh6 Nh7 21. e5 Bg5 22. Qh5 f5 23. exf6 Qxf6 24. Be4 Qh6 25. Qxh6 Bxh6 26. Ne5 Nf6 27. Nxd7 Nxd7 28. g4 c5 29. d5 Nf6 30. Nc3 Nxe4 31. Nxe4 exd5 32. Nd6 Rcd8 33. Nf5 Bg7 34. Rae1 Rfe8 35. h4 Bxb2 36. h5 c4 37. g5 c3 38. g6 c2 39. h6 Rxe1 40. Rxe1 c1Q 41. Rxc1 Bxc1 42. Ne7+ Kh8 0-1

[Event "EU-ch (Women) 14th"]
[Site "Belgrade"]
[Date "2013.08.01"]
[Round "9"]
[White "Panic, Anastasija"]
[Black "Kezele, Tamara"]
[Result "0-1"]
[WhiteElo "1948"]
[BlackElo "1994"]
[PlyCount "50"]
[EventDate "2013.07.23"]
[EventType "swiss"]
[EventRounds "11"]
[EventCountry "SRB"]
[SourceTitle "CBM 155 Extra"]
[Source "ChessBase"]
[SourceDate "2013.08.26"]
[SourceVersion "1"]
[SourceVersionDate "2013.08.26"]
[SourceQuality "1"]

1. e4 e6 2. d4 d5 3. Nd2 Nf6 4. e5 Nfd7 5. Bd3 c5 6. c3 Nc6 7. Ngf3 cxd4 8. cxd4 Qb6 9. 0-0 Be7 10. Nb3 Qd8 11. h3 0-0 12. Nh2 f6 13. Qh5 f5 14. f4 a5 15. Be3 Nb4 16. Bb1 a4 17. Nc1 Nb6 18. Nd3 Nc4 19. Bc1 Nxd3 20. Bxd3 Qb6 21. Nf3 Bd7 22. Ne1 Qxd4+ 23. Kh1 a3 24. Bxc4 Qxc4 25. Rf2 Bc5 0-1

[Event "EU-ch (Women) 14th"]
[Site "Belgrade"]
[Date "2013.07.28"]
[Round "6"]
[White "Kezele, Tamara"]
[Black "Nikolovska, Dragana"]
[Result "1-0"]
[WhiteElo "1994"]
[BlackElo "1848"]
[PlyCount "75"]
[EventDate "2013.07.23"]
[EventType "swiss"]
[EventRounds "11"]
[EventCountry "SRB"]
[SourceTitle "CBM 155 Extra"]
[Source "ChessBase"]
[SourceDate "2013.08.26"]
[SourceVersion "1"]
[SourceVersionDate "2013.08.26"]
[SourceQuality "1"]

1. e4 c5 2. Nf3 d6 3. c3 Nf6 4. Be2 g6 5. 0-0 Bg7 6. Re1 0-0 7. d3 Nc6 8. h3 e5 9. c4 h6 10. Nc3 a6 11. Kh2 Rb8 12. a4 Be6 13. Rg1 Nh5 14. Nd5 Bxd5 15. cxd5 Ne7 16. g4 Nf4 17. Bf1 b5 18. axb5 axb5 19. b4 Ra8 20. Rxa8 Qxa8 21. bxc5 dxc5 22. d4 Qa2 23. Bxf4 exf4 24. Bxb5 cxd4 25. Kg2 Rb8 26. Qd3 Nc8 27. Bc4 Qa4 28. Rc1 Rb4 29. Bb5 Qa8 30. Bc6 Qa2 31. Rc2 Qa1 32. e5 Rb1 33. d6 Rb8 34. Rd2 Qc1 35. Rc2 Qa1 36. Bd5 Nb6 37. Bb3 Qa3 38. Bxf7+ 1-0

[Event "Belgrade Winter op (Women)"]
[Site "Belgrade"]
[Date "2011.01.28"]
[Round "7"]
[White "Panic, Anastasija"]
[Black "Kezele, Tamara"]
[Result "1-0"]
[WhiteElo "1871"]
[BlackElo "2024"]
[PlyCount "91"]
[EventDate "2011.01.22"]
[EventType "swiss"]
[EventRounds "9"]
[EventCountry "SRB"]
[SourceTitle "CBM 140 Extra"]
[Source "ChessBase"]
[SourceDate "2011.03.01"]
[SourceVersion "1"]
[SourceVersionDate "2011.03.01"]
[SourceQuality "1"]

1. e4 e6 2. d4 d5 3. Nd2 Nf6 4. e5 Nfd7 5. c3 c5 6. Bd3 Nc6 7. Ngf3 Qb6 8. 0-0 cxd4 9. cxd4 Nxd4 10. Nxd4 Qxd4 11. Nf3 Qb6 12. Qa4 Qb4 13. Qc2 h6 14. Bd2 Qb6 15. Qa4 a6 16. Rfc1 Bc5 17. Rxc5 Qxc5 18. Rc1 b5 19. Qg4 Qf8 20. Bb4 Qg8 21. Ba3 a5 22. Bxb5 f5 23. Qa4 Kf7 24. Bxd7 Qd8 25. Bxc8 Rxc8 26. Rxc8 Qxc8 27. Qxa5 Qc1+ 28. Qe1 Qc4 29. h3 g5 30. Qb4 Qc1+ 31. Kh2 Re8 32. Qb7+ Kg6 33. Qd7 Qc8 34. Qxc8 Rxc8 35. Bd6 Kf7 36. b4 Ra8 37. b5 Rxa2 38. b6 Rb2 39. Bc7 Rb4 40. Nd4 Rxd4 41. b7 Rb4 42. b8Q Rxb8 43. Bxb8 h5 44. g3 f4 45. gxf4 gxf4 46. Kg2 1-0

[Event "Belgrade Winter op (Women)"]
[Site "Belgrade"]
[Date "2011.01.26"]
[Round "5"]
[White "Milanovic, Maja"]
[Black "Kezele, Tamara"]
[Result "1/2-1/2"]
[WhiteElo "1851"]
[BlackElo "2024"]
[PlyCount "84"]
[EventDate "2011.01.22"]
[EventType "swiss"]
[EventRounds "9"]
[EventCountry "SRB"]
[SourceTitle "CBM 140 Extra"]
[Source "ChessBase"]
[SourceDate "2011.03.01"]
[SourceVersion "1"]
[SourceVersionDate "2011.03.01"]
[SourceQuality "1"]

1. e4 e6 2. d4 d5 3. Nc3 Bb4 4. Nge2 dxe4 5. a3 Be7 6. Nxe4 Nf6 7. N2c3 0-0 8. Be3 Nd5 9. Nxd5 exd5 10. Ng3 c6 11. Bd3 f5 12. f4 Bh4 13. Qf3 g6 14. 0-0-0 b5 15. Nf1 a5 16. h3 b4 17. a4 Ba6 18. g4 Bxd3 19. Rxd3 Kg7 20. g5 h6 21. gxh6+ Kxh6 22. Qg2 Nd7 23. Nh2 Qf6 24. Ng4+ fxg4 25. hxg4 Kg7 26. g5 Bxg5 27. fxg5 Qf3 28. Qg1 Rh8 29. Rh6 Rae8 30. Bd2 Qf5 31. Qg2 Ref8 32. Rxh8 Qf1+ 33. Qxf1 Rxf1+ 34. Be1 Kxh8 35. Kd2 Kg7 36. Ke2 Rf5 37. Bd2 Nf8 38. Re3 Kf7 39. Rg3 Ne6 40. c3 b3 41. Rf3 c5 42. Be3 c4 1/2-1/2

[Event "Belgrade Winter op (Women)"]
[Site "Belgrade"]
[Date "2011.01.23"]
[Round "2"]
[White "Nedeljkovic, Radmila"]
[Black "Kezele, Tamara"]
[Result "1-0"]
[WhiteElo "1881"]
[BlackElo "2024"]
[PlyCount "81"]
[EventDate "2011.01.22"]
[EventType "swiss"]
[EventRounds "9"]
[EventCountry "SRB"]
[SourceTitle "CBM 140 Extra"]
[Source "ChessBase"]
[SourceDate "2011.03.01"]
[SourceVersion "1"]
[SourceVersionDate "2011.03.01"]
[SourceQuality "1"]

1. d4 d6 2. Nf3 g6 3. c3 Bg7 4. e4 Nf6 5. Bd3 0-0 6. Bg5 c5 7. Nbd2 Nbd7 8. Qe2 h6 9. Be3 Ng4 10. Bf4 a6 11. h3 Ngf6 12. g4 b5 13. g5 Nh5 14. Be3 hxg5 15. Bxg5 Bf6 16. Bxf6 Ndxf6 17. Qe3 c4 18. Bc2 Kg7 19. 0-0-0 Rh8 20. Rdg1 Kf8 21. Ng5 e5 22. Ndf3 Qe7 23. Rd1 Nf4 24. dxe5 dxe5 25. Qb6 Kg7 26. Rd6 Nxh3 27. Rc6 Bd7 28. Nxh3 Rxh3 29. Rxh3 Bxh3 30. Rc7 Nd7 31. Qc6 Rh8 32. b4 cxb3 33. Bxb3 Bg4 34. Kb2 Rh3 35. Ne1 Qh4 36. f3 Rh2+ 37. Nc2 Bh3 38. Qxa6 Qf4 39. Qxb5 Qxf3 40. Rxd7 Bxd7 41. Qxe5+ 1-0

[Event "SRB-chT (Women)"]
[Site "Novi Sad"]
[Date "2010.08.28"]
[Round "6"]
[White "Kezele, Tamara"]
[Black "Milutinovic, Stefana"]
[Result "1-0"]
[WhiteElo "2000"]
[BlackElo "1872"]
[PlyCount "89"]
[EventDate "2010.08.23"]
[EventType "team-tourn"]
[EventRounds "11"]
[EventCountry "YUG"]
[SourceTitle "CBM 138 Extra"]
[Source "ChessBase"]
[SourceDate "2010.10.29"]
[SourceVersion "1"]
[SourceVersionDate "2010.10.29"]
[SourceQuality "1"]

1. e4 d6 2. d4 Nf6 3. Nc3 g6 4. Nf3 Bg7 5. Be2 0-0 6. 0-0 Bg4 7. h3 Bxf3 8. Bxf3 Nc6 9. Be3 e5 10. d5 Ne7 11. Qd2 Nd7 12. Bh6 f5 13. Bxg7 Kxg7 14. exf5 Nxf5 15. Be4 Nc5 16. Bxf5 gxf5 17. f4 e4 18. Rae1 c6 19. Re3 Qf6 20. b4 Na6 21. dxc6 bxc6 22. b5 cxb5 23. Nd5 Qe6 24. Qd4+ Kf7 25. Ra3 Nc5 26. Nc7 Qc4 27. Qxd6 Rad8 28. Qh6 Qd4+ 29. Kh2 Qg7 30. Qxg7+ Kxg7 31. Rc3 Na4 32. Ne6+ Kf6 33. Rc6 Rc8 34. Ra6 Rg8 35. Ng5+ Ke7 36. Rxa7+ Kd6 37. Rd1+ Kc6 38. Rxh7 Nc3 39. Rh6+ Kc5 40. Re1 Rc6 41. Rxc6+ Kxc6 42. a3 Ra8 43. g4 Nd5 44. gxf5 e3 45. f6 1-0

[Event "EU-ch U18 Girls"]
[Site "Herceg Novi"]
[Date "2006.09.18"]
[Round "8"]
[White "Kaniak, Monika"]
[Black "Kezele, Tamara"]
[Result "1-0"]
[WhiteElo "1936"]
[BlackElo "1995"]
[PlyCount "69"]
[EventDate "2006.09.10"]
[EventType "swiss"]
[EventRounds "9"]
[EventCountry "MNE"]
[SourceTitle "CBM 114 Extra"]
[Source "ChessBase"]
[SourceDate "2006.11.03"]
[SourceVersion "1"]
[SourceVersionDate "2006.11.03"]
[SourceQuality "1"]

1. d4 Nf6 2. c4 e6 3. Nc3 d5 4. Nf3 Be7 5. Bg5 0-0 6. e3 h6 7. Bh4 a6 8. a3 dxc4 9. Bxc4 b5 10. Bd3 Bb7 11. 0-0 Nbd7 12. b4 Re8 13. Rc1 Bd6 14. Qc2 e5 15. Nxe5 Nxe5 16. dxe5 Bxe5 17. Bg3 Qe7 18. Ne2 Rad8 19. Rfd1 c6 20. Bxe5 Qxe5 21. Nd4 Ng4 22. Nf3 Qe7 23. Qc5 Qf6 24. h3 Rd5 25. Qb6 Rxd3 26. Rxd3 Qb2 27. Rf1 Nxf2 28. Rd2 Nxh3+ 29. gxh3 Qxa3 30. Qxb7 Qxe3+ 31. Rff2 Qc3 32. Qd7 Re3 33. Qf5 g6 34. Qf4 Qa3 35. Rd8+ 1-0

[Event "EU-ch U18 Girls"]
[Site "Herceg Novi"]
[Date "2006.09.10"]
[Round "1"]
[White "Kezele, Tamara"]
[Black "Airapetian, Tatevik"]
[Result "1/2-1/2"]
[WhiteElo "1995"]
[BlackElo "2228"]
[PlyCount "107"]
[EventDate "2006.09.10"]
[EventType "swiss"]
[EventRounds "9"]
[EventCountry "MNE"]
[SourceTitle "CBM 114 Extra"]
[Source "ChessBase"]
[SourceDate "2006.11.03"]
[SourceVersion "1"]
[SourceVersionDate "2006.11.03"]
[SourceQuality "1"]

1. e4 c5 2. Nf3 d6 3. c3 Nf6 4. d3 g6 5. g3 Bg7 6. Bg2 0-0 7. 0-0 Nc6 8. a4 Bg4 9. Re1 Ne5 10. d4 cxd4 11. cxd4 Nxf3+ 12. Bxf3 Bxf3 13. Qxf3 Nd7 14. Qd3 Qb6 15. Rd1 e5 16. d5 f5 17. Nc3 Nc5 18. Qb5 Qd8 19. exf5 Rxf5 20. Be3 Qf8 21. Rab1 Bh6 22. Bxc5 dxc5 23. Ne4 b6 24. d6 Rd8 25. d7 Rf7 26. Rd6 Rxf2 27. Qb3+ Kg7 28. Qd5 Rf5 29. g4 Be3+ 30. Kg2 Rf2+ 31. Nxf2 Qxf2+ 32. Kh1 Bf4 33. Qg2 Qxg2+ 34. Kxg2 Kf7 35. Rbd1 Ke7 36. h3 Be3 37. R1d5 c4 38. Rc6 Bc5 39. Rxe5+ Kxd7 40. Rf6 Kc7 41. Re2 Rd7 42. Rf4 Rd4 43. Rxd4 Bxd4 44. Rc2 Kd6 45. Rxc4 Bxb2 46. Kf3 Bf6 47. Ke4 a6 48. Rc8 h5 49. gxh5 gxh5 50. Ra8 Kc6 51. Rf8 Be7 52. Rf5 h4 53. Kd4 b5 54. axb5+ 1/2-1/2

[Event "Serbia-chT (Women)"]
[Site "Zlatibor"]
[Date "2006.08.29"]
[Round "4"]
[White "Stojanovic, Andjelija"]
[Black "Kezele, Tamara"]
[Result "1/2-1/2"]
[WhiteElo "2239"]
[BlackElo "1995"]
[PlyCount "98"]
[EventDate "2006.08.26"]
[EventType "team"]
[EventRounds "9"]
[EventCountry "YUG"]
[SourceTitle "EXT 2007"]
[Source "ChessBase"]
[SourceDate "2006.11.23"]
[SourceVersion "1"]
[SourceVersionDate "2006.11.23"]
[SourceQuality "1"]

1. e4 e6 2. b3 Nf6 3. e5 Ng8 4. Bb2 d5 5. g3 c5 6. Bg2 Ne7 7. d3 Nbc6 8. f4 Nf5 9. Qe2 Ncd4 10. Bxd4 cxd4 11. Nf3 Bb4+ 12. Kf2 Qb6 13. a3 Bc3 14. Ra2 a5 15. g4 Ne7 16. Nxc3 dxc3+ 17. Qe3 Qc7 18. Nd4 Bd7 19. Ne2 0-0 20. d4 Rac8 21. h4 Bb5 22. Bf1 Bxe2 23. Bxe2 f6 24. Kg3 fxe5 25. dxe5 Ng6 26. Rf1 Qd8 27. h5 d4 28. Qe4 Qh4+ 29. Kg2 d3 30. Bd1 Nxf4+ 31. Rxf4 Rxf4 32. Qxf4 Rf8 33. Qg3 Qxg3+ 34. Kxg3 Rf1 35. cxd3 Rxd1 36. Rc2 Rxd3+ 37. Kf4 Kf7 38. Ke4 Rg3 39. Kf4 Rh3 40. Rf2 Ke7 41. Ke4 Rg3 42. Kf4 Rd3 43. Ke4 Rh3 44. b4 a4 45. b5 b6 46. Rg2 Kd7 47. Rc2 Rg3 48. Kf4 Rd3 49. Ke4 Rg3 1/2-1/2

[Event "Vratsa op (Women)"]
[Site "Vratsa"]
[Date "2006.07.29"]
[Round "5"]
[White "Videnova, Iva"]
[Black "Kezele, Tamara"]
[Result "1-0"]
[WhiteElo "2124"]
[BlackElo "1995"]
[PlyCount "91"]
[EventDate "2006.07.27"]
[EventType "swiss"]
[EventRounds "9"]
[EventCountry "BUL"]
[SourceTitle "CBM 113 Extra"]
[Source "ChessBase"]
[SourceDate "2006.09.14"]
[SourceVersion "1"]
[SourceVersionDate "2006.09.14"]
[SourceQuality "1"]

1. c4 c5 2. g3 Nc6 3. Bg2 Nf6 4. Nc3 e6 5. e4 d6 6. Nge2 e5 7. 0-0 Be6 8. d3 a6 9. f4 Bg4 10. h3 Bxe2 11. Qxe2 Nd4 12. Qf2 Be7 13. Be3 Rb8 14. f5 b5 15. b3 Nd7 16. Qd2 b4 17. Nd5 h6 18. h4 Nf6 19. Nxf6+ Bxf6 20. Bf3 a5 21. Bd1 Qe7 22. Kg2 Qb7 23. Qf2 Qe7 24. Rh1 Kd7 25. Qb2 Kc6 26. a3 Ra8 27. axb4 axb4 28. Bh5 Kb6 29. Ra2 Qb7 30. Bxd4 exd4 31. Rha1 Be5 32. Bxf7 Rxa2 33. Qxa2 Kc7 34. Bd5 Qb6 35. Qb1 Kd7 36. Ra4 Ke7 37. Qa2 Rc8 38. Ra6 Qd8 39. Be6 Kf6 40. Bxc8 Qxc8 41. Ra8 Qd7 42. Rf8+ Ke7 43. Qa8 d5 44. exd5 Bc7 45. Rg8 Kf6 46. Qf8+ 1-0

[Event "Vratsa op (Women)"]
[Site "Vratsa"]
[Date "2006.07.28"]
[Round "3"]
[White "Andreeva, Veronika"]
[Black "Kezele, Tamara"]
[Result "1/2-1/2"]
[WhiteElo "1912"]
[BlackElo "1995"]
[PlyCount "50"]
[EventDate "2006.07.27"]
[EventType "swiss"]
[EventRounds "9"]
[EventCountry "BUL"]
[SourceTitle "CBM 113 Extra"]
[Source "ChessBase"]
[SourceDate "2006.09.14"]
[SourceVersion "1"]
[SourceVersionDate "2006.09.14"]
[SourceQuality "1"]

1. d4 Nf6 2. Nf3 e6 3. c4 b6 4. Nc3 Bb7 5. Bg5 Be7 6. e3 0-0 7. Be2 h6 8. Bh4 Ne4 9. Bxe7 Qxe7 10. Qc2 Nf6 11. 0-0 d5 12. Ne5 Nbd7 13. Rac1 Nxe5 14. dxe5 Nd7 15. f4 Rfd8 16. Rfd1 dxc4 17. Bxc4 a6 18. Rd4 Rac8 19. Rcd1 Nb8 20. Qe2 b5 21. Bb3 Nc6 22. Rxd8+ Rxd8 23. Rxd8+ Qxd8 24. Qd1 Qe7 25. Qd3 Qh4 1/2-1/2

[Event "EU-ch U18 Girls"]
[Site "Herceg Novi"]
[Date "2005.09.23"]
[Round "9"]
[White "Kezele, Tamara"]
[Black "Khudaya, Aliaksandra"]
[Result "0-1"]
[WhiteElo "1943"]
[BlackElo "2117"]
[PlyCount "100"]
[EventDate "2005.09.14"]
[EventType "swiss"]
[EventRounds "9"]
[EventCountry "YUG"]
[SourceTitle "CBM 108 Extra"]
[Source "ChessBase"]
[SourceDate "2005.11.04"]
[SourceVersion "1"]
[SourceVersionDate "2005.11.04"]
[SourceQuality "1"]

1. e4 c5 2. Nf3 Nc6 3. c3 e6 4. Be2 d5 5. exd5 exd5 6. d4 Nf6 7. 0-0 c4 8. Bg5 Be7 9. Nbd2 0-0 10. b3 cxb3 11. axb3 h6 12. Bh4 Bf5 13. Bb5 Qb6 14. Ba4 Qc7 15. Re1 a6 16. Bxc6 bxc6 17. Qe2 Bd6 18. Bxf6 gxf6 19. Rxa6 Rae8 20. Qf1 Kg7 21. Rxe8 Rxe8 22. h3 Qc8 23. Ra1 Rg8 24. Nh4 Be6 25. f4 f5 26. Qf3 Qc7 27. Rf1 Qe7 28. Qh5 Qf6 29. b4 Kh7 30. Rf2 Rg3 31. Nb1 Re3 32. Kh2 Re1 33. Nd2 Rc1 34. Rf3 Qg5 35. Qxg5 hxg5 36. Nb3 Rb1 37. Na5 gxh4 38. Nxc6 Re1 39. Ne5 f6 40. Nd3 Re2 41. Kg1 Bd7 42. Nc5 Bb5 43. Nb7 Re1+ 44. Kf2 Re2+ 45. Kg1 Bc7 46. Nc5 Re4 47. Nxe4 fxe4 48. Rf2 Kg6 49. Ra2 e3 50. g4 hxg3 0-1